000
00496nam a2200181Ia 4500
008
100917s9999 xx 000 0 und d
082
_b
23592
100
_a
नाशिककर शांता
245
_a
कीर्ति
260
_b
मोहनजी शेठ हिरजी
_c
1942
300
_a
291
365
_b
3.5
520
_a
कादंबरी
630
_a
कीर्ति
650
_a
कादंबरी
730
_a
कीर्ति
942
_c
BOOK
999
_c
628986
_d
628983